000 00945cam a2200265 4500
008 090401t1995 xxu||||| |||| 00| 0 eng d
020 _a0471956082
035 _a(Sirsi) u8694
041 _aeng
050 _a382.9142
100 _aBright, Christopher
245 4 _aThe EU: understanding the Brussels process.
260 _aChichester
_bJohn Wiley & Sons
_c1995
300 _axii238p. ; 23cm.
350 _a14.95
520 _aExplains the workings of the European Union, including the Council, Commission, Parliament, European Court of Justice and other community bodies. Also describes the EC legislative process, the enforcement of EC law and the development of the New Europe.
650 _aEUROPEAN COMMISSION
650 _aEUROPEAN COMMUNITY
650 _aEUROPEAN COURT OF JUSTICE
650 _aEUROPEAN PARLIAMENT
650 _aEUROPEAN UNION
690 _aEUROPE-SINGLE MARKET
942 _n0
948 _c04/03/1997
999 _c86548
_d86548